ARRUPE JESUIT UNIVERSITY

CORONAVIRUS -STOP THE SPREAD - CLEAN,DISINFECT,COVER

Calvin (Record no. 125815)

MARC details
000 -LEADER
fixed length control field 01113pam a2200349Ia 4500
001 - CONTROL NUMBER
control field 5392632
003 - CONTROL NUMBER IDENTIFIER
control field ARRUPE
005 - DATE AND TIME OF LATEST TRANSACTION
control field 20161206081510.0
006 - FIXED-LENGTH DATA ELEMENTS--ADDITIONAL MATERIAL CHARACTERISTICS--GENERAL INFORMATION
fixed length control field m u
007 - PHYSICAL DESCRIPTION FIXED FIELD--GENERAL INFORMATION
fixed length control field cr cn|||||||||
008 - FIXED-LENGTH DATA ELEMENTS--GENERAL INFORMATION
fixed length control field 890329s1989 enk sb 000 0beng d
010 ## - LIBRARY OF CONGRESS CONTROL NUMBER
Canceled/invalid LC control number 89006299
020 ## - INTERNATIONAL STANDARD BOOK NUMBER
Cancelled/invalid ISBN 0415000572
035 ## - SYSTEM CONTROL NUMBER
System control number (CaPaEBR)ebr10017795
035 ## - SYSTEM CONTROL NUMBER
System control number (NNC)5392632
040 ## - CATALOGING SOURCE
Original cataloging agency CaPaEBR
Transcribing agency CaPaEBR
050 14 - LIBRARY OF CONGRESS CALL NUMBER
Classification number BX9418
Item number .M83 1989eb
082 04 - DEWEY DECIMAL CLASSIFICATION NUMBER
Classification number 284/.2/092
-- B
Edition number 20
300 ## - PHYSICAL DESCRIPTION
Dimensions 22 cm.
100 1# - MAIN ENTRY--PERSONAL NAME
Personal name Mullett, Michael A.
9 (RLIN) 27714
245 10 - TITLE STATEMENT
Title Calvin
Statement of responsibility, etc Michael Mullett.
260 ## - PUBLICATION, DISTRIBUTION, ETC. (IMPRINT)
Place of publication, distribution, etc London ;
-- New York :
Name of publisher, distributor, etc Routledge,
Date of publication, distribution, etc 1989.
300 ## - PHYSICAL DESCRIPTION
Extent 68 p. ;
490 1# - SERIES STATEMENT
Series statement Lancaster pamphlets
504 ## - BIBLIOGRAPHY, ETC. NOTE
Bibliography, etc Includes bibliographical references (p. 67-68).
533 ## - REPRODUCTION NOTE
Type of reproduction Electronic reproduction.
Place of reproduction Palo Alto, Calif. :
Agency responsible for reproduction ebrary,
Date of reproduction 2003.
Note about reproduction Available via World Wide Web.
-- Access may be limited to ebrary affiliated libraries.
546 ## - LANGUAGE NOTE
Language note English.
600 10 - SUBJECT ADDED ENTRY--PERSONAL NAME
Personal name Calvin, Jean,
Dates associated with a name 1509-1564.
9 (RLIN) 27715
650 #0 - SUBJECT ADDED ENTRY--TOPICAL TERM
Topical term or geographic name as entry element Reformation
Form subdivision Biography.
9 (RLIN) 27716
830 #0 - SERIES ADDED ENTRY--UNIFORM TITLE
Uniform title Lancaster pamphlets.
9 (RLIN) 6010
942 ## - ADDED ENTRY ELEMENTS (KOHA)
Source of classification or shelving scheme Library of Congress Classification
Koha item type Monograph ( Printed materials)
Holdings
Withdrawn status Lost status Source of classification or shelving scheme Damaged status Not for loan Collection code Home library Current library Shelving location Date acquired Total Checkouts Full call number Barcode Date last seen Price effective from Koha item type
    Library of Congress Classification     Main Collection ARRUPE LIBRARY ARRUPE LIBRARY Main Collection 29/11/2016   BX9418 .M83 1989 46500009480 29/11/2016 29/11/2016 Monograph ( Printed materials)

 

Arrupe Library. PO Box MP320 Mt Pleasant, Harare, Zimbabwe
263 242 745411|librarian@aju.ac.zw